English pronunciation illustrated / (Record no. 194809)
[ view plain ]
| 000 -LEADER | |
|---|---|
| fixed length control field | 00551 a2200169 4500 |
| 003 - CONTROL NUMBER IDENTIFIER | |
| control field | Nust |
| 005 - DATE AND TIME OF LATEST TRANSACTION | |
| control field | 20170207154204.0 |
| 020 ## - INTERNATIONAL STANDARD BOOK NUMBER | |
| International Standard Book Number | 0-521-20634-0 |
| 040 ## - CATALOGING SOURCE | |
| Transcribing agency | Nust |
| 082 04 - DEWEY DECIMAL CLASSIFICATION NUMBER | |
| Classification number | 421.5 |
| 100 1# - MAIN ENTRY--PERSONAL NAME | |
| Personal name | Trim, John |
| 245 00 - TITLE STATEMENT | |
| Title | English pronunciation illustrated / |
| Statement of responsibility, etc. | John Trim ; drawings by Peter Kneebone |
| 250 ## - EDITION STATEMENT | |
| Edition statement | 2. ed., repr. |
| 260 ## - PUBLICATION, DISTRIBUTION, ETC. | |
| Place of publication, distribution, etc. | Cambridge : |
| Name of publisher, distributor, etc. | Cambridge U.P., |
| Date of publication, distribution, etc. | 1975, pr. 1977 |
| 300 ## - PHYSICAL DESCRIPTION | |
| Extent | 96 s. : |
| Other physical details | ill. |
| 505 ## - FORMATTED CONTENTS NOTE | |
| Formatted contents note | Power Vowels (Page-14) Diphthongs (Page-34) Consonants (Page-49) Comparing O and Z (Page-66-67) Word Divisions (Page-82-83) |
| 942 ## - ADDED ENTRY ELEMENTS (KOHA) | |
| Source of classification or shelving scheme | |
| Koha item type | Book |
| Withdrawn status | Lost status | Source of classification or shelving scheme | Damaged status | Not for loan | Collection code | Permanent Location | Current Location | Date acquired | Total Checkouts | Full call number | Barcode | Date last seen | Price effective from | Koha item type |
|---|---|---|---|---|---|---|---|---|---|---|---|---|---|---|
| Military College of Signals (MCS) | Military College of Signals (MCS) | 12/12/2016 | 421.5 TRI | MCS36725 | 12/08/2016 | 12/12/2016 | Book |
